书目信息 |
| 题名: |
旋涡
|
|
| 作者: | 里维拉 ;吴岩 | |
| 分册: | ||
| 出版信息: | 上海 上海译文出版社 1981 |
|
| 页数: | 334页 | |
| 开本: | 20cm | |
| 丛书名: | ||
| 单 册: | ||
| 中图分类: | I775.4 | |
| 科图分类: | ||
| 主题词: | 文学 | |
| 电子资源: | ||
| ISBN: | ||
| 000 | 00492nam0 2200193 450 | |
| 001 | 0728815141 | |
| 005 | 20070819080015.14 | |
| 010 | @d¥1.15 | |
| 100 | @a20070819d km y0chiy0120 ea | |
| 101 | 0 | @achi |
| 200 | 1 | @a旋涡@Axuan wo@f里维拉@Fli wei la@g吴岩@Gwu yan |
| 210 | @a上海@c上海译文出版社@d1981 | |
| 215 | @a334页@d20cm | |
| 606 | 0 | @a文学 |
| 690 | @aI775.4@v3 | |
| 701 | 0 | @a里维拉@Ali wei la |
| 702 | 0 | @a吴岩@Awu yan |
| 801 | 0 | @aCN@bPFT@c20070819 |
| 905 | @a213230@dI775.4@eZW2@f1 | |
| 旋涡/里维拉/吴岩.-上海:上海译文出版社,1981 |
| 334页;20cm |
| ISBN :¥1.15 |
| ● |
| 相关链接 |
|
|
|
|
正题名:旋涡
索取号:I775.4/ZW2
 
预约/预借
| 序号 | 登录号 | 条形码 | 馆藏地/架位号 | 状态 | 备注 |
| 1 | 7614443 | 276144432 | 密集书库-文学院/ [索取号:I775.4/ZW2] | 在馆 |